- Inventario multiaxial clínico de Millon
Entry Materia
001 - NÚMERO DE CONTROL DEL REGISTRO
- campo de control: 47286
003 - IDENTIFICADOR DE NUMERO DE CONTROL
- campo de control: UPN
005 - FECHA Y HORA DE LA ÚLTIMA TRANSACCIÓN
- campo de control: 20221107104702.0
008 - DATOS DE LONGITUD FIJA
- campo de control de longitud fija: 221107|| aca||babn | a|a d
010 ## - NÚMERO DE CONTROL DE LA BIBLIOTECA DEL CONGRESO (LC)
- LC control number: sh 91003915
035 ## - NÚMERO DE CONTROL DEL SISTEMA
- Número de control del sistema: MX011000139728
040 ## - FUENTE DE LA CATALOGACIÓN
- Centro catalogador de origen: DLC
- Lengua de catalogación: spa
- Agencia de transcripción: DLC
- Agencia de modificación: DLC
- Normas de descripción: DGB/UNAM
- Normas de descripción: MX-MxUPN
046 ## - FECHAS CON CODIFICACIÓN ESPECIAL
- Fecha final para contenidos agregados: 221107
053 ## - NÚMERO CLASIFICADOR - BIBLIOTECA DEL CONGRESO (LC)
- Elemento numérico de la clasificación - Número único o no. inicial del rango: RC473.M47
150 ## - ENCABEZAMIENTO - TEMÁTICO
- Término de materia o nombre geográfico como elemento inicial: Inventario multiaxial clínico de Millon
450 0# - VÉASE - MATERIA
- Encabezamiento temático: Millon Clinical Multiaxial Inventory
450 0# - VÉASE - MATERIA
- Encabezamiento temático: Inventario clínico multiaxial de Millon
450 0# - VÉASE - MATERIA
- Encabezamiento temático: MCMI (Test de personalidad)
450 0# - VÉASE - MATERIA
- Encabezamiento temático: IMCM (Test de personalidad)
550 ## - VÉASE ADEMÁS - MATERIA
- Información miscelánea: w
- Encabezamiento temático o nombre geográfico como elemento de entrada: Inventarios de Millon (Pruebas de la personalidad)
670 ## - FUENTE EN LA QUE SE LOCALIZARON DATOS
- Cita de la fuente: DGB/UNAM, 07 noviembre 2022:
- Información localizada: catálogo electrónico (Inventario multiaxial clínico de Millon)
670 ## - FUENTE EN LA QUE SE LOCALIZARON DATOS
- Cita de la fuente: Biblioteca del Congreso (Estados Unidos), 24 noviembre 2021:
- Información localizada: catálogo electrónico (Millon Clinical Multiaxial Inventory)
670 ## - FUENTE EN LA QUE SE LOCALIZARON DATOS
- Cita de la fuente: Biblioteca Nacional de España, Catálogo de Autoridades, 24 noviembre 2021:
- Información localizada: catálogo electrónico (punto de acceso: Inventario multiaxial clínico de Millon; variantes: Inventario clínico multiaxial de Millon; MCMI (Test de personalidad); Millon Clinical Multiaxial Inventroy)
670 ## - FUENTE EN LA QUE SE LOCALIZARON DATOS
- Cita de la fuente: APA Diccionario conciso de psicología, 2010:
- Información localizada: (Inventario Multiaxial Clínico de Millon (IMCM) (Millon Clinical Multiaxial Inventory, MCMI) cuestionario de falso o verdadero que consta de 175 reactivos y que se usa de manera generalizada para evaluar condiciones clínicas y trastornos de personalidad en pacientes psiquiátricos en Estados Unidos)
750 ## - ASIENTO LIGADO AL ENCABEZAMIENTO - TÉRMINO TEMÁTICO
- Número de control del registro: sh 91003915
- Encabezamiento temático: Millon Clinical Multiaxial Inventory
902 ## - CATALOGADOR
- Catalogador: NDAF/071122
